000
00298nam a2200121Ia 4500
008
190216s9999||||xx |||||||||||||| ||und||
100
_a
Kamaludeen
245
0
_a
Keralathindae Sambathika Vikasanam
260
_b
Kerala Bhasha Institute
_c
1972
300
_a
227p
650
_a
Economics
942
_c
BK
999
_c
19210
_d
19210